Pays commençant et se terminant par la même lettre - Statistiques

Statistiques générales
  • Ce quiz a été pris 101 fois
  • Le résultat moyen est 6 sur 10
Statistiques - réponses
Réponse % Correct
Estonie
81%
Espagne
78%
Érythrée
77%
Angola
74%
Égypte
70%
Éthiopie
68%
Antigua-et-Barbuda
52%
Saint-Vincent-et-les-Grenadines
45%
Saint-Christophe-et-Niévès
43%
Seychelles
43%
Aucun quiz correspondant
Distribution des résultats
% des personnes avec chaque résultat
Percentile par nombre de réponses
Votre historique - résultats
Vous n’avez pas pris ce quiz